000 00535nam a22001937a 4500
003 KOHA_MİRAKIL
005 20251001145145.0
008 251001b tu ||||| |||| 00| 0 tur d
020 _a9789754734591
040 _aTR-AnABB
_btur
_cTR-AnABB
041 _atur
082 _a891.73
_bTOL 2009
100 _aTolstoy, Lev Nikolayeviç,
_d1828-1910
245 1 0 _aKroyçer Sonat /
260 _aİstanbul :
_bBeyan Yayınları,
_c2009
300 _a127 sayfa ;
_c19 cm
650 0 4 _aİngiliz edebiyatı, roman
942 _2ddc
_cBK
999 _c9009
_d9009
900 _bGizem YORULMAZ